Vista normal
Vista MARC
Entrada Nombre personal
Número de registros utilizados en: 9
001 - NÚMERO DE CONTROL
- campo de control: 45421
003 - IDENTIFICADOR DEL NÚMERO DE CONTROL
- campo de control: BNPHU
005 - FECHA Y HORA DE LA ÚLTIMA TRANSACCIÓN
- campo de control: 20250204082349.0
008 - DATOS DE LONGITUD FIJA
- campo de control de longitud fija: 200615|| aca||aabn | a|a d
040 ## - FUENTE DE LA CATALOGACIÓN
- Centro catalogador/agencia de origen: DO-SdBNP
- Lengua de catalogación: spa
- Centro/agencia transcriptor: BNPHU
- Normas de descripción: rda
046 ## - FECHAS CON CODIFICACIÓN ESPECIAL
- Fecha de nacimiento: 1935
- Fecha de la muerte: 1960
100 1# - ENCABEZAMIENTO-NOMBRE DE PERSONA
- Nombre de persona: Mirabal, Maria Teresa,
- Fechas asociadas al nombre: 1935-1960
370 ## - LUGAR ASOCIADO
- Lugar de nacimiento: (Ojo de Agua, (Salcedo, 15 de octubre de 1935), República Dominicana
- Lugar de fallecimiento: San Felipe de Puerto Plata (República Dominicana)
- País asociado: República Dominicana
670 ## - FUENTE DE DATOS ENCONTRADOS
- Cita de la fuente: Work cat.: (OSt)21380: Cruz González, Alcibíades, 1954- 45418, Las heroínas de Salcedo en un ojo de agua /, 2004.
